00326nam a2200121Ia 4500008004100000041000800041082001500049100002100064245003900085260004400124300002900168365000700197240624s9999 xx 000 0 und d aeng a519.72 CHA aCHATTERJEE DIPAK aLINEAR PROGRAMMING AND GAME THEORY c2005aNew DelhibPrentice-Hall of India av, : 310 : p. : cm. ; 26 cRS